000 01000cam a2200253 a 4500
001 16302100
005 20110413074712.0
008 100625s2012 maua b 001 0 eng
020 _a0138135967 (alk. paper)
020 _a9780138135966 (alk. paper)
040 _aDLC
_cDLC
_dDLC
082 0 0 _a690
_222
_bGOU
100 1 _aGould, Frederick E.,
_d1954-
_929047
245 1 0 _aManaging the Construction Process :
_bEstimating, Scheduling, and Project Control /
_cFrederick E. Gould.
250 _a4th ed.
260 _aBoston :
_bPrentice Hall,
_cc2012.
300 _axiv, 290 p. :
_bill. (some col.) ;
_c29 cm.
504 _aIncludes bibliographical references and index.
650 0 _aBuilding
_xSuperintendence.
_929048
653 _bArch
_cFebruary2012
942 _2ddc
_cBB
999 _c16499
_d16499